Loading...
| Fine Arts - Other | 0 | 4 | 0 | 0 | 40 | 18 | 60.50 | 2 | 3 | 16.99 | 28.47 |
| Fine Arts - Painting and Sculpture | 0 | 3 | 0 | 1 | 30 | 53 | 79.00 | 0 | 1 | 8.34 | 15.71 |
| Literature - European | 0 | 2 | 0 | 0 | 20 | 46 | 70.50 | 0 | 1 | 6.95 | 8.33 |
| Mythology | 0 | 2 | 0 | 0 | 20 | 30 | 41.50 | 0 | 2 | 10.34 | 13.94 |
| Literature - American | 0 | 2 | 0 | 0 | 20 | 45 | 54.00 | 0 | 0 | 8.93 | 9.03 |
| Literature - British | 0 | 2 | 0 | 0 | 20 | 17 | 35.50 | 1 | 2 | 11.48 | 15.28 |
| Science - Chemistry | 0 | 1 | 0 | 1 | 10 | 100 | 100.00 | 0 | 0 | 0.00 | 1.92 |
| History - American | 0 | 1 | 0 | 1 | 10 | 102 | 102.00 | 0 | 0 | 0.00 | 0.64 |
| Literature - World | 0 | 1 | 0 | 0 | 10 | 45 | 45.00 | 0 | 0 | 4.80 | 5.77 |
| Popular Culture | 0 | 1 | 0 | 0 | 10 | 25 | 25.00 | 0 | 1 | 11.04 | 13.10 |
| Religion | 0 | 1 | 0 | 0 | 10 | 13 | 13.00 | 1 | 1 | 7.44 | 8.33 |
| Philosophy | 0 | 1 | 1 | 0 | 5 | 27 | 27.00 | 1 | 1 | 8.14 | 11.11 |
| Fine Arts - Classical Music | 0 | 0 | 1 | 0 | -5 | 0.00 | 0 | 0 | 0.00 | 0.00 |